| 000 | 01637nam a22002657a 4500 | ||
|---|---|---|---|
| 999 |
_c22013 _d22013 |
||
| 003 | AR-CdUCM | ||
| 008 | 190425b ||||| |||| 00| 0 spa d | ||
| 040 |
_aMUNICIPALIDAD PROVINCIAL DEL CUSCO _cBIBLIOTECA MUNICIPAL DEL CUSCO |
||
| 082 | _aArchiPeruFol/N°1/1955 | ||
| 245 |
_aArchivos peruanos del Folklore : _cÓrgano de la sociedad peruana de folklore |
||
| 260 |
_aCusco. _bH.G. Rozas, _c1955. |
||
| 300 |
_a2291 páginas. : _c24 cm. |
||
| 440 |
_aArchivos peruanos de folklore _nÓrgano de la sociedad peruana de folklore _947151 |
||
| 505 | _aContenido: El III Congreso Indigenista Interamericano de la paz, breve comentario sobre una ponencia peruana de la Universidad del Cusco. -- El Congreso Internacional de folklore, de San Pablo, Brasil, invitación y agradecimiento, temario, asistencia, VII conferencia internacional de música folklorica, mesa directiva, ponencias y trabajos de la Universidad del Cuzco, sesión inaugural, comisiones, plenarias, conclusiones, pedido a la UNESCO, homenajes, exposición interamericana de folklore, demostraciones de música folklorica, festival folklore, entrega de diplomas de la sociedad peruana de folklore, entrega del pergamino de la Municipalidad del Cuzco a la Prefectura Municipal de San Pablo. | ||
| 650 |
_aCongreso indigenista _947152 |
||
| 650 |
_aFolklore Brasil _947153 |
||
| 650 |
_aMúsica _91443 |
||
| 700 |
_aCaballero, Angeles _947154 |
||
| 700 |
_aQuijada Jara, Sergio _917558 |
||
| 700 |
_aRivera Cereceda, Julia Herminia _947155 |
||
| 700 |
_aRoca Wallparimachi, Demetrio _96182 |
||
| 700 |
_aMorote Best, Efrain _947156 |
||
| 942 |
_2ddc _cPP |
||
| 945 | _arac | ||